Najpopularniejsze numery Rap/Trap tygodnia. 12-18.02 - Statystyki

Ogólne statystyki
  • Ten quiz został rozwiązany 8 razy
  • Średni wynik to 16 z 30
Statystyki odpowiedzi
Wykonawca Wyświetlenia Utwór % Poprawnych
Sobel 983K Alien
88%
ReTo 533K Billy Kid
88%
Quebonafide ft. Daria Zawiałow 546K BUBBLETEA
88%
Sobel 972K Kinol
88%
Young Leosia 2.09M Szklanki
88%
Wiatr ft. Sobel, Be Vis 969K Testarossa
88%
Qry 733K Bierz do buzi
75%
Alberto 748K Dwutakt
75%
Guzior ft. Oskar83 1.43M FALA
75%
Kabe 1.29M Nad ranem
75%
Żabson ft. Vladimir Cauchemar 759K OBOK
75%
Guzior 1.79M BLUEBERRY
63%
Bedoes & Lanek 660K Doda
63%
Kizo ft. Trill Pem 719K Fitness
50%
Florek ft. Młodypago, Piluś 602K Buzi
38%
Kali x Major ft. PlanBe 635K California
38%
Kali x Major 484K Mona Lisa
38%
Tymek, Kuba Karaś, Urbanski 501K Oczko w głowie
38%
Major SPZ 778K Skarb
38%
Bedoes & Lanek 586K TOA$T /
38%
Szpaku ft. Dziarma 473K Wino
38%
Szpaku ft. Zdechły Osa 446K Zły
38%
Cheatz 775K gdzie jest stary dawid
25%
Wac Toja 464K Kapitan
25%
Zarzycki ft. Ruskiefajki 425K Kokaina
25%
Kubańczyk 419K Lady Pank 2
25%
KęKę 414K Moja Gwardia
25%
Smolasty ft. Qry 576K Powiedz
25%
Kali x Major 536K Si
25%
Kubańczyk 424K Z nieba
13%
Nie znaleziono quizów pasujących do podanych kryteriów
Rozkład punktacji
Procent ludzi z każdym wynikiem
Percentyl według liczby udzielonych odpowiedzi
Twoja historia wyników
Nie rozwiązałeś tego quizu